ბათუმის შოთა რუსთაველის სახელმწიფო უნივერსიტეტის ბიბლიოთეკა

Сочинеия Драмы : Т. 2 / (ბიბ.ჩანაწერი № 49637)

000 -LEADER
fixed length control field 00652nam a2200205Ia 4500
001 - CONTROL NUMBER
control field 16569
003 - CONTROL NUMBER IDENTIFIER
control field GE_BSU
005 - DATE AND TIME OF LATEST TRANSACTION
control field 20250128171528.0
008 - FIXED-LENGTH DATA ELEMENTS--GENERAL INFORMATION
fixed length control field 181216s1990||||ru |||||||||||||| ||rus||
040 ## - CATALOGING SOURCE
Transcribing agency GE_BSU
041 ## - LANGUAGE CODE
Language code of text/sound track or separate title rus
080 ## - UNIVERSAL DECIMAL CLASSIFICATION NUMBER
Universal Decimal Classification number 821.161-1-2 Л-49
100 ## - MAIN ENTRY--PERSONAL NAME
Personal name Лермонтов, М. Ю.
9 (RLIN) 16588
245 ## - TITLE STATEMENT
Title Сочинеия Драмы : Т. 2 /
Statement of responsibility, etc. М. Ю. Лермонтов ; Ред. колл. Г. А. Анджапаридзе, Ю.О. Бем, В. Вацуро. Э.
264 ## - PRODUCTION, PUBLICATION, DISTRIBUTION, MANUFACTURE, AND COPYRIGHT NOTICE
Place of production, publication, distribution, manufacture Москва :
Name of producer, publisher, distributor, manufacturer [?],
Date of production, publication, distribution, manufacture, or copyright notice 1990.
300 ## - PHYSICAL DESCRIPTION
Extent 704 стр. ;
Dimensions 20 см.
653 ## - INDEX TERM--UNCONTROLLED
keyword Сочинеия Драмы
942 ## - ADDED ENTRY ELEMENTS (KOHA)
Koha item type წიგნი
Source of classification or shelving scheme
ეგზემპლარები
Withdrawn status Lost status Source of classification or shelving scheme Damaged status Not for loan Permanent Location Current Location Shelving location Date acquired Cost, normal purchase price Full call number Barcode Date last seen Copy number Price effective from Koha item type Public note
          ბათუმის შოთა რუსთაველის სახელმწიფო უნივერსიტეტის მთავარი ბიბლიოთეკა ბათუმის შოთა რუსთაველის სახელმწიფო უნივერსიტეტის მთავარი ბიბლიოთეკა წიგნსაცავი 2018-12-17 7.00 821.161-1-2 Л-49 27647 2018-12-17 27647 2018-12-17 წიგნი 7.00 ₾.